[Event "St Petersburg White Nights op"]
[Site "St Petersburg"]
[Date "1998.06.22"]
[Round "3"]
[White "Kazakov, Vladimir"]
[Black "Khoziaiski, Vladimir"]
[Result "1/2-1/2"]
[WhiteElo "2320"]
[BlackElo "2205"]
[PlyCount "104"]
[EventDate "1998.06.??"]
[EventType "swiss"]
[EventRounds "9"]
[EventCountry "RUS"]
[SourceTitle "EXT 1999"]
[Source "ChessBase"]
[SourceDate "1998.11.16"]
[SourceVersion "1"]
[SourceVersionDate "1998.11.16"]
[SourceQuality "1"]

1. e4 e5 2. f4 exf4 3. Nf3 d6 4. Bc4 h6 5. h4 Nf6 6. Nc3 Be7 7. d4 Nh5 8. Bxf7+ Kxf7 9. Ne5+ dxe5 10. Qxh5+ g6 11. Qxe5 Bxh4+ 12. Ke2 g5 13. Rxh4 Nc6 14. Rxf4+ gxf4 15. Qh5+ Kg7 16. Bxf4 Qe8 17. Qc5 Qf8 18. Be5+ Kh7 19. Bxh8 Qxc5 20. dxc5 Kxh8 21. Nd5 Nd4+ 22. Kd3 Ne6 23. b4 Bd7 24. Rf1 Kg7 25. Rf3 c6 26. Ne3 Ng5 27. Rf4 Rd8 28. Kc3 Be6 29. a4 a6 30. g4 Nf7 31. Nf5+ Kg6 32. Nd4 Bd7 33. Nf3 Be6 34. Nd4 Ba2 35. Nf3 Re8 36. Kd4 Be6 37. e5 Bd5 38. Rf6+ Kg7 39. Nh4 Nxe5 40. Rd6 Nf3+ 41. Nxf3 Bxf3 42. Rd7+ Kg6 43. Rxb7 Ra8 44. Ke3 Bxg4 45. Rc7 Rc8 46. Ra7 Re8+ 47. Kd4 Bc8 48. Rc7 Rd8+ 49. Ke5 Rd5+ 50. Kf4 Bd7 51. c4 Rd1 52. Ra7 Bc8 1/2-1/2

[Event "St Petersburg White Nights op"]
[Site "St Petersburg"]
[Date "1998.06.20"]
[Round "1"]
[White "Khoziaiski, Vladimir"]
[Black "Karasev, Vladimir I"]
[Result "0-1"]
[WhiteElo "2205"]
[BlackElo "2370"]
[PlyCount "32"]
[EventDate "1998.06.??"]
[EventType "swiss"]
[EventRounds "9"]
[EventCountry "RUS"]
[SourceTitle "EXT 1999"]
[Source "ChessBase"]
[SourceDate "1998.11.16"]
[SourceVersion "1"]
[SourceVersionDate "1998.11.16"]
[SourceQuality "1"]

1. e4 c5 2. Nf3 Nc6 3. Bb5 e6 4. Bxc6 bxc6 5. d3 Ne7 6. 0-0 Ng6 7. e5 f6 8. Re1 Qc7 9. Qe2 Be7 10. Nbd2 0-0 11. Nc4 Ba6 12. Bd2 Bxc4 13. dxc4 fxe5 14. Bg5 e4 15. Qxe4 Rxf3 16. Bxe7 Rf4 0-1

[Event "RUS-Cup02"]
[Site "Moscow"]
[Date "1998.??.??"]
[Round "5"]
[White "Sazonova, Elena"]
[Black "Khoziaiski, Vladimir"]
[Result "1-0"]
[WhiteElo "2215"]
[BlackElo "2205"]
[PlyCount "95"]
[EventDate "1998.01.21"]
[EventType "swiss"]
[EventRounds "9"]
[EventCountry "RUS"]
[SourceTitle "EXT 1999"]
[Source "ChessBase"]
[SourceDate "1998.11.16"]
[SourceVersion "1"]
[SourceVersionDate "1998.11.16"]
[SourceQuality "1"]

1. e4 e5 2. Nf3 Nc6 3. Bb5 g6 4. 0-0 Bg7 5. c3 a6 6. Ba4 d6 7. h3 Bd7 8. d4 f6 9. Bb3 Nh6 10. a3 Nf7 11. Bxf7+ Kxf7 12. Qb3+ Kf8 13. dxe5 dxe5 14. Qxb7 g5 15. Rd1 Kf7 16. Qb3+ Be6 17. Rxd8 Bxb3 18. Rd7+ Kg6 19. Nbd2 Bc2 20. Rxc7 Nd8 21. Ne1 Ba4 22. Nc4 Rb8 23. b4 Ne6 24. Re7 Nf4 25. Bxf4 exf4 26. Nb2 Bb3 27. Ned3 Bf8 28. Ra7 Rb6 29. e5 f5 30. c4 h5 31. Re1 Re6 32. Re2 Ba2 33. a4 f3 34. gxf3 f4 35. b5 axb5 36. axb5 Bb1 37. Ra6 Kf5 38. Rxe6 Kxe6 39. b6 Ba3 40. c5 Rb8 41. Re1 Ba2 42. Ra1 Bxb2 43. Rxa2 Bd4 44. Ra7 Rd8 45. b7 Rb8 46. Ra4 Kd5 47. Rxd4+ Kxd4 48. c6 1-0

[Event "Centrocoop op"]
[Site "Eforie Nord"]
[Date "1997.??.??"]
[Round "?"]
[White "Birjukov, Sergey"]
[Black "Khoziaiski, Vladimir"]
[Result "1-0"]
[WhiteElo "2270"]
[BlackElo "1700"]
[PlyCount "105"]
[EventDate "1997.??.??"]
[EventType "swiss"]
[EventRounds "11"]
[EventCountry "ROU"]
[SourceTitle "EXT 2010"]
[Source "ChessBase"]
[SourceDate "2010.11.25"]
[SourceVersion "1"]
[SourceVersionDate "2010.11.25"]
[SourceQuality "1"]

1. d4 f5 2. Nf3 Nf6 3. g3 e6 4. Bg2 d5 5. c4 c6 6. b3 Bd6 7. Bf4 Bxf4 8. gxf4 0-0 9. 0-0 Bd7 10. Nbd2 Be8 11. Ne5 Nbd7 12. Nd3 Bh5 13. f3 Kh8 14. Kh1 Rg8 15. Qe1 Ne8 16. Rg1 Qf6 17. Qf2 Nd6 18. c5 Nf7 19. b4 g5 20. a4 Qh6 21. e3 g4 22. fxg4 Bxg4 23. Ne5 Ndxe5 24. dxe5 Qh5 25. Nf3 Bxf3 26. Bxf3 Qh6 27. b5 Qf8 28. Qh4 Rxg1+ 29. Rxg1 Qd8 30. Qxd8+ Nxd8 31. Bh5 Rc8 32. Rc1 Kg7 33. Kg2 Kf8 34. Kf2 Kg7 35. Ke2 Kf8 36. Kd3 Ke7 37. Kd4 Kf8 38. Be2 Kg7 39. h4 Kf8 40. h5 Nf7 41. Rb1 Nd8 42. Bd3 b6 43. Rc1 Kf7 44. Be2 Ke7 45. h6 Kf8 46. Rc3 Rc7 47. a5 bxa5 48. b6 axb6 49. cxb6 c5+ 50. Rxc5 Rb7 51. Rc8 Ke8 52. Bb5+ Ke7 53. Kc5 1-0

[Event "Centrocoop op"]
[Site "Eforie Nord"]
[Date "1997.??.??"]
[Round "?"]
[White "Khoziaiski, Vladimir"]
[Black "Pasarelu, Dan"]
[Result "0-1"]
[WhiteElo "1700"]
[BlackElo "2235"]
[PlyCount "102"]
[EventDate "1997.??.??"]
[EventType "swiss"]
[EventRounds "11"]
[EventCountry "ROU"]
[SourceTitle "EXT 2010"]
[Source "ChessBase"]
[SourceDate "2010.11.25"]
[SourceVersion "1"]
[SourceVersionDate "2010.11.25"]
[SourceQuality "1"]

1. d4 Nf6 2. c4 g6 3. Nc3 d5 4. Nf3 Bg7 5. Bg5 Ne4 6. Bh4 Nxc3 7. bxc3 c6 8. e3 0-0 9. Bd3 Bg4 10. 0-0 Nd7 11. h3 Bxf3 12. Qxf3 Nb6 13. Qe2 c5 14. cxd5 Nxd5 15. Rac1 Qa5 16. Qb2 e6 17. Be4 cxd4 18. cxd4 b6 19. Rc4 Rac8 20. Rfc1 Rxc4 21. Rxc4 Qe1+ 22. Kh2 Nxe3 23. fxe3 Qxh4 24. Bf3 e5 25. g3 Qf6 26. Kg2 exd4 27. Qxd4 Rd8 28. Qxf6 Rd2+ 29. Kf1 Bxf6 30. Ra4 a5 31. Be2 Kg7 32. Kf2 Be7 33. Kf3 Bb4 34. Bb5 Rd5 35. Bc6 Rf5+ 36. Ke4 b5 37. g4 Rc5 38. Bxb5 Rxb5 39. a3 Bc5 40. h4 h6 41. Kf4 Rb3 42. Rxa5 Bxa3 43. e4 Bb4 44. Rd5 Be1 45. g5 Bg3+ 46. Kg4 h5+ 47. Kh3 Be1+ 48. Kg2 Bxh4 49. Kh2 Re3 50. Rd4 Bxg5 51. Kg2 Bf4 0-1